| 000 | 00577nam a2200181Ia 4500 | ||
|---|---|---|---|
| 008 | 090124s9999 xx 000 0 und d | ||
| 082 |
_b19054 _a1061 |
||
| 100 | _aवडके म.स. | ||
| 245 | _a हस्ताक्षर कसे सुधारावे ? | ||
| 250 | _a1 | ||
| 260 | _c1974 | ||
| 300 | _a41 | ||
| 600 | _aवडके म.स. | ||
| 630 | _a हस्ताक्षर कसे सुधारावे ? | ||
| 700 | _aवडके म.स. | ||
| 730 | _a हस्ताक्षर कसे सुधारावे ? | ||
| 942 | _cBOOK | ||
| 999 |
_c132995 _d132995 |
||